Carneros : (Record no. 155661)
[ view plain ]
| 000 -CABECERA | |
|---|---|
| campo de control de longitud fija | 00878nam a2200265 u 4500 |
| 005 - FECHA Y HORA DE LA ÚLTIMA TRANSACCIÓN | |
| campo de control | 20230420063531.0 |
| 008 - ELEMENTOS DE LONGITUD FIJA--INFORMACIÓN GENERAL | |
| campo de control de longitud fija | 120305s2009 ag r 000 0 spa d |
| 020 ## - NÚMERO INTERNACIONAL NORMALIZADO PARA LIBROS | |
| Número Internacional Estándar del Libro | 9788461090280 |
| 035 ## - NÚMERO DE CONTROL DEL SISTEMA | |
| Número de control de sistema | UPN01000183558 |
| 049 ## - COLECCIÓN | |
| Colección | CG |
| 050 #4 - SIGNATURA TOPOGRÁFICA DE LA BIBLIOTECA DEL CONGRESO | |
| Número de clasificación | B3248 G3.4 |
| Número de documento/Ítem | D3.3 |
| 100 1# - ASIENTO PRINCIPAL--NOMBRE PERSONAL | |
| Nombre de persona | Derrida, Jacques, |
| Fechas asociadas al nombre | 1930-2004 |
| 9 (RLIN) | 30374 |
| 245 10 - MENCIÓN DE TÍTULO | |
| Título | Carneros : |
| Resto del título | el diálogo ininterrumpido: entre dos infinitos, el poema / |
| Mención de responsabilidad, etc. | Jacques Derrida ; tr. Irene Agoff. |
| 260 ## - PUBLICACIÓN, DISTRIBUCIÓN, ETC. | |
| Lugar de publicación, distribución, etc. | Buenos Aires : |
| Nombre del editor, distribuidor, etc. | Amorrortu, |
| Fecha de publicación, distribución, etc. | 2009. |
| 300 ## - DESCRIPCIÓN FÍSICA | |
| Extensión | 76 p. |
| 440 #0 - MENCIÓN DE SERIE/ASIENTO SECUNDARIO--TÍTULO | |
| Título | Nómadas |
| 534 ## - NOTA SOBRE LA VERSIÓN ORIGINAL | |
| Frase introductoria | Traducción de: |
| Mención de título del original | Béliers : le dialogue ininterrompu: entre deux infinis, le poéme |
| 600 14 - ASIENTO SECUNDARIO DE MATERIA - NOMBRE PERSONAL | |
| Nombre de persona | GADAMER, HANS GEORG, |
| Fechas asociadas al nombre | 1900-2002 |
| 600 14 - ASIENTO SECUNDARIO DE MATERIA - NOMBRE PERSONAL | |
| Nombre de persona | CELAN, PAUL, |
| Fechas asociadas al nombre | 1920-1970 |
| 650 #4 - ASIENTO SECUNDARIO DE MATERIA - TERMINO TEMATICO | |
| Término de materia o nombre geográfico como elemento de entrada | POETICA |
| 9 (RLIN) | 1326 |
| 650 #2 - ASIENTO SECUNDARIO DE MATERIA - TERMINO TEMATICO | |
| Término de materia o nombre geográfico como elemento de entrada | Filosofía |
| Subdivisión cronológica | Siglo XX |
| 9 (RLIN) | 20428 |
| 650 #4 - ASIENTO SECUNDARIO DE MATERIA - TERMINO TEMATICO | |
| Término de materia o nombre geográfico como elemento de entrada | FILOSOFIA - |
| Subdivisión cronológica | SIGLO XXI |
| 9 (RLIN) | 20429 |
| 905 ## - TIPO DE MATERIAL | |
| Tipo de material | Libro |
| Estado de retiro | Estado de pérdida | Fuente del sistema de clasificación o colocación | Estado dañado | No para préstamo | Código de colección | Localización permanente | Ubicación/localización actual | Ubicación en estantería | Total de préstamos | Clasificación | Código de barras | Fecha visto por última vez | Número de copia | Tipo de ítem Koha |
|---|---|---|---|---|---|---|---|---|---|---|---|---|---|---|
| Library of Congress Classification | Colección General | Bib. Gregorio Torres Quintero | Bib. Gregorio Torres Quintero | Planta baja | B3248 G3.4 D3.3 | 281558 | 31/12/2020 | 1 | Libro | |||||
| Library of Congress Classification | Colección General | Bib. Gregorio Torres Quintero | Bib. Gregorio Torres Quintero | Planta baja | B3248 G3.4 D3.3 | 281559 | 31/12/2020 | 1 | Libro | |||||
| Library of Congress Classification | Colección General | Bib. Gregorio Torres Quintero | Bib. Gregorio Torres Quintero | Planta baja | B3248 G3.4 D3.3 | 281560 | 31/12/2020 | 1 | Libro |
